[Event "BAN-ch (Women)"]
[Site "Dhaka"]
[Date "2022.11.25"]
[Round "8"]
[White "Talukder, Umme Taslima Protiv"]
[Black "Nusrat Jahan, Alo"]
[Result "0-1"]
[WhiteElo "1780"]
[BlackElo "1710"]
[PlyCount "130"]
[EventDate "2022.11.17"]
[EventType "tourn"]
[EventRounds "11"]
[EventCountry "BAN"]
[SourceTitle "CBM 211 Extra"]
[Source "ChessBase"]
[SourceDate "2023.01.31"]
[SourceVersion "1"]
[SourceVersionDate "2023.01.31"]
[SourceQuality "1"]

1. d4 d5 2. Bf4 Nf6 3. e3 e6 4. Nf3 Bd6 5. Bg3 0-0 6. Bd3 c5 7. c3 Qc7 8. Nbd2 Nbd7 9. 0-0 b6 10. e4 Bxg3 11. hxg3 dxe4 12. Nxe4 Bb7 13. Qe2 Rfd8 14. Rfd1 Qc6 15. Nxf6+ Nxf6 16. Bb5 Qd5 17. dxc5 Qxc5 18. Ba6 Bxa6 19. Qxa6 Ne4 20. Nd4 e5 21. Qe2 Nxc3 22. bxc3 exd4 23. cxd4 Rxd4 24. Rdc1 Qd6 25. Qf3 Re8 26. Rc6 Qe7 27. Rac1 Rd7 28. Qf4 h6 29. Rc7 f6 30. Qc4+ Kh8 31. Rc8 Rxc8 32. Qxc8+ Qd8 33. Qxd8+ Rxd8 34. Rc7 Rd1+ 35. Kh2 a5 36. Rc2 b5 37. g4 Kg8 38. Kg3 Kf7 39. Rc5 Rb1 40. Rc7+ Ke6 41. Rxg7 Rb2 42. Rg6 Rxa2 43. Rxh6 Kf7 44. Rh5 Rb2 45. Rh7+ Kg6 46. Ra7 a4 47. f4 Ra2 48. Rb7 Rb2 49. Ra7 Rb3+ 50. Kh4 a3 51. f5+ Kh6 52. Rf7 Rb4 53. Rxf6+ Kg7 54. Rg6+ Kf7 55. Ra6 Ra4 56. Rb6 a2 57. Rb7+ Ke8 58. Rb8+ Kd7 59. f6 a1Q 60. f7 Qf6+ 61. Kh3 Qh6+ 62. Kg3 Qf4+ 63. Kh3 Qxg4+ 64. Kh2 Qh4+ 65. Kg1 Ra1# 0-1

[Event "BAN-ch (Women)"]
[Site "Dhaka"]
[Date "2022.11.22"]
[Round "6"]
[White "Wadifa, Ahmed"]
[Black "Talukder, Umme Taslima Protiv"]
[Result "1-0"]
[WhiteElo "1656"]
[BlackElo "1780"]
[PlyCount "63"]
[EventDate "2022.11.17"]
[EventType "tourn"]
[EventRounds "11"]
[EventCountry "BAN"]
[SourceTitle "CBM 211 Extra"]
[Source "ChessBase"]
[SourceDate "2023.01.31"]
[SourceVersion "1"]
[SourceVersionDate "2023.01.31"]
[SourceQuality "1"]

1. e4 c5 2. Nf3 d6 3. d4 cxd4 4. Nxd4 Nf6 5. Nc3 a6 6. f3 Nc6 7. Be3 e5 8. Nb3 Be7 9. Qd2 0-0 10. 0-0-0 Be6 11. Nd5 Bxd5 12. exd5 Nb8 13. g4 Nbd7 14. g5 Nh5 15. h4 Ng3 16. Rg1 Nxf1 17. Rdxf1 Rc8 18. h5 g6 19. Rh1 Kg7 20. Kb1 Nb6 21. f4 f5 22. gxf6+ Rxf6 23. hxg6 hxg6 24. Bxb6 Qxb6 25. f5 gxf5 26. Qg5+ Kf7 27. Qh5+ Rg6 28. Qxf5+ Bf6 29. Rh7+ Rg7 30. Qxf6+ Ke8 31. Qf8+ Kd7 32. Rxg7# 1-0

[Event "BAN-ch (Women)"]
[Site "Dhaka"]
[Date "2022.11.21"]
[Round "5"]
[White "Talukder, Umme Taslima Protiv"]
[Black "Sabiha, Marjana"]
[Result "1-0"]
[WhiteElo "1780"]
[BlackElo "1267"]
[PlyCount "113"]
[EventDate "2022.11.17"]
[EventType "tourn"]
[EventRounds "11"]
[EventCountry "BAN"]
[SourceTitle "CBM 211 Extra"]
[Source "ChessBase"]
[SourceDate "2023.01.31"]
[SourceVersion "1"]
[SourceVersionDate "2023.01.31"]
[SourceQuality "1"]

1. d4 d6 2. c4 c6 3. Nc3 Nf6 4. Nf3 Qa5 5. Bd2 Qc7 6. e4 Bg4 7. Be3 e5 8. Be2 exd4 9. Bxd4 Nbd7 10. 0-0 c5 11. Be3 a6 12. Qd2 Bxf3 13. Bxf3 Be7 14. Rad1 Ne5 15. Be2 0-0 16. Bg5 Rad8 17. Bxf6 Bxf6 18. Nd5 Qd7 19. f4 Ng6 20. e5 Be7 21. Qc2 Rfe8 22. Rd2 Kh8 23. Rfd1 Bf8 24. Bd3 Qc6 25. Bxg6 fxg6 26. Nc3 Re6 27. Ne4 Rde8 28. Nxd6 Bxd6 29. Rxd6 Qc8 30. Qd3 Rxd6 31. Qxd6 Qf5 32. Qd7 Qf8 33. g3 h5 34. Qxb7 Re6 35. Qd5 Qe7 36. Qd8+ Kh7 37. Qxe7 Rxe7 38. Rd6 Rb7 39. b3 Kg8 40. Rxa6 Kf7 41. Kf2 Rc7 42. Ke3 Rc8 43. Ke4 Rd8 44. Rd6 Ra8 45. a4 Rb8 46. Rd3 Rc8 47. Rd7+ Kf8 48. Kd5 Rb8 49. Kxc5 Rxb3 50. a5 Rb8 51. a6 Rc8+ 52. Kd5 Kg8 53. a7 Kh7 54. e6 Rf8 55. e7 Re8 56. Ke6 Ra8 57. Ke5 1-0

[Event "BAN-ch (Women)"]
[Site "Dhaka"]
[Date "2022.11.18"]
[Round "2"]
[White "Ahmed, Walijah"]
[Black "Talukder, Umme Taslima Protiv"]
[Result "1-0"]
[WhiteElo "1977"]
[BlackElo "1780"]
[PlyCount "87"]
[EventDate "2022.11.17"]
[EventType "tourn"]
[EventRounds "11"]
[EventCountry "BAN"]
[SourceTitle "CBM 211 Extra"]
[Source "ChessBase"]
[SourceDate "2023.01.31"]
[SourceVersion "1"]
[SourceVersionDate "2023.01.31"]
[SourceQuality "1"]

1. e4 c5 2. Nf3 d6 3. d4 cxd4 4. Nxd4 Nf6 5. Nc3 g6 6. Be3 Bg7 7. f3 0-0 8. Qd2 Nc6 9. Bc4 Bd7 10. h4 h5 11. 0-0-0 Ne5 12. Bb3 Rc8 13. Bh6 Nc4 14. Bxc4 Rxc4 15. Bxg7 Kxg7 16. g4 Qa5 17. Nb3 Qb4 18. e5 Ne8 19. a3 Qb6 20. gxh5 Rh8 21. hxg6 fxg6 22. Qg5 Kf7 23. h5 gxh5 24. Rh2 h4 25. Rxh4 Rh7 26. Rh5 Rxh5 27. Qxh5+ Kf8 28. Qh6+ Kf7 29. Qh5+ Kf8 30. Nd4 Rxd4 31. Qh8+ Kf7 32. Rxd4 Bf5 33. exd6 exd6 34. Qh5+ Bg6 35. Qd5+ Kg7 36. Ne4 Qc7 37. c4 Qe7 38. c5 Qc7 39. Nxd6 Nf6 40. Qxb7 Qxb7 41. Nxb7 Kf7 42. c6 Ke7 43. c7 Bf5 44. Nd6 1-0

[Event "BAN-chB (Women) 41st"]
[Site "Dhaka"]
[Date "2022.11.13"]
[Round "7"]
[White "Talukder, Umme Taslima Protiv"]
[Black "Wadifa, Ahmed"]
[Result "0-1"]
[WhiteElo "1780"]
[BlackElo "1656"]
[PlyCount "78"]
[EventDate "2022.11.07"]
[EventType "swiss"]
[EventRounds "8"]
[EventCountry "BAN"]
[SourceTitle "EXT 2024"]
[Source "ChessBase"]
[SourceDate "2023.10.10"]
[SourceVersion "1"]
[SourceVersionDate "2023.10.10"]
[SourceQuality "1"]

1. d4 Nf6 2. c4 g6 3. Nc3 Bg7 4. e4 d6 5. f4 0-0 6. Nf3 c5 7. d5 e6 8. Bd3 a6 9. a4 Re8 10. 0-0 exd5 11. cxd5 Bg4 12. h3 Bxf3 13. Qxf3 Nbd7 14. Kh1 Qc7 15. Bd2 Rab8 16. a5 c4 17. Bc2 Nc5 18. Ra3 b5 19. axb6 Rxb6 20. Ra2 Reb8 21. Nd1 Qe7 22. Re1 Nfd7 23. Bc3 Bxc3 24. Qxc3 Qh4 25. Rf1 Nf6 26. Qf3 Nb3 27. Qe3 Nc5 28. Kh2 Ng4+ 29. Kg1 Nxe3 30. Nxe3 Rxb2 31. Raa1 Qe7 32. e5 dxe5 33. fxe5 Qxe5 34. Rae1 Qd4 35. Kh1 Re8 36. Nf5 Rxe1 37. Rxe1 gxf5 38. Bxf5 Qf2 39. Rg1 Qxf5 0-1

[Event "BAN-chB (Women) 41st"]
[Site "Dhaka"]
[Date "2022.11.10"]
[Round "4"]
[White "Jannatul, Ferdousi"]
[Black "Talukder, Umme Taslima Protiv"]
[Result "0-1"]
[WhiteElo "1663"]
[BlackElo "1780"]
[PlyCount "52"]
[EventDate "2022.11.07"]
[EventType "swiss"]
[EventRounds "8"]
[EventCountry "BAN"]
[SourceTitle "EXT 2024"]
[Source "ChessBase"]
[SourceDate "2023.10.10"]
[SourceVersion "1"]
[SourceVersionDate "2023.10.10"]
[SourceQuality "1"]

1. d4 d5 2. Bf4 e6 3. e3 c5 4. c3 Nc6 5. Nf3 Nf6 6. Nbd2 Bd6 7. Bxd6 Qxd6 8. Bd3 0-0 9. 0-0 e5 10. dxe5 Nxe5 11. Nxe5 Qxe5 12. Re1 Bf5 13. Bxf5 Qxf5 14. Qb3 b6 15. c4 Rfd8 16. Rad1 d4 17. exd4 Rxd4 18. Nf3 Rxd1 19. Qxd1 Qf4 20. b3 Qc7 21. Qe2 Kf8 22. Qe5 Qd7 23. Kf1 Re8 24. Qc3 Ne4 25. Qc2 Qf5 26. h3 Ng3+ 0-1

[Event "BAN-chB (Women) 41st"]
[Site "Dhaka"]
[Date "2022.11.09"]
[Round "3"]
[White "Nusrat, Jahan Liza"]
[Black "Talukder, Umme Taslima Protiv"]
[Result "0-1"]
[WhiteElo "1545"]
[BlackElo "1780"]
[PlyCount "98"]
[EventDate "2022.11.07"]
[EventType "swiss"]
[EventRounds "8"]
[EventCountry "BAN"]
[SourceTitle "EXT 2024"]
[Source "ChessBase"]
[SourceDate "2023.10.10"]
[SourceVersion "1"]
[SourceVersionDate "2023.10.10"]
[SourceQuality "1"]

1. e4 c5 2. Nf3 d6 3. d4 cxd4 4. c3 dxc3 5. Nxc3 Nf6 6. e5 dxe5 7. Qxd8+ Kxd8 8. Nxe5 Be6 9. Be3 Nfd7 10. Rd1 f6 11. Nxd7 Bxd7 12. Bb5 Nc6 13. Na4 e5 14. Nc5 Bxc5 15. Bxc5 Ke8 16. 0-0 b6 17. Be3 Rc8 18. Rd6 Ke7 19. Rfd1 Rhd8 20. h3 Nb8 21. Be2 Rc2 22. R6d2 Rxd2 23. Rxd2 Bf5 24. Rxd8 Kxd8 25. g4 Bb1 26. a3 Nc6 27. f4 Nd4 28. Bxd4 exd4 29. Bd1 Ke7 30. Kf2 Kd6 31. b3 Be4 32. h4 Kd5 33. f5 h6 34. h5 a5 35. Ke2 Ke5 36. Ke1 Kf4 37. Kf2 d3 38. b4 axb4 39. axb4 Bc6 40. Kf1 Bf3 41. Bxf3 Kxf3 42. Ke1 Kxg4 43. Kd2 Kxf5 44. Kxd3 Kg4 45. Kc4 f5 46. Kb5 f4 47. Kxb6 f3 48. Kc7 f2 49. b5 f1Q 0-1

[Event "Olympiad Women-44"]
[Site "Chennai"]
[Date "2022.08.05"]
[Round "7.4"]
[White "Talukder, Umme Taslima Protiv"]
[Black "Khalil, Manar"]
[Result "0-1"]
[WhiteElo "1769"]
[BlackElo "1831"]
[PlyCount "112"]
[EventDate "2022.07.29"]
[EventType "team-swiss"]
[EventRounds "11"]
[EventCountry "IND"]
[SourceTitle "CBM 210"]
[Source "ChessBase"]
[SourceDate "2022.10.31"]
[SourceVersion "1"]
[SourceVersionDate "2022.10.31"]
[SourceQuality "1"]
[WhiteTeam "Bangladesh (W)"]
[BlackTeam "Syria (W)"]
[WhiteTeamCountry "BAN"]
[BlackTeamCountry "SYR"]

1. d4 d5 2. c4 dxc4 3. e3 Nf6 4. Bxc4 e6 5. Nc3 a6 6. Nf3 b5 7. Be2 Bb7 8. 0-0 Nbd7 9. a3 c5 10. dxc5 Bxc5 11. b4 Be7 12. Bb2 0-0 13. Nd4 Ne5 14. Qb3 Qb6 15. Rfd1 Rac8 16. Rac1 Nc4 17. Bf3 Bxf3 18. Nxf3 Rfd8 19. Rxd8+ Qxd8 20. Rd1 Qb6 21. Ne2 Nxb2 22. Qxb2 h6 23. h3 a5 24. bxa5 Qxa5 25. Rd3 Ne4 26. Rb3 Rc5 27. Qd4 Ng5 28. Ng3 Rc1+ 29. Nf1 Nxf3+ 30. gxf3 Bxa3 31. Qd7 b4 32. Kg2 Rc3 33. Qe8+ Kh7 34. Rb1 Qf5 35. Nd2 Rc2 36. Ne4 Qg6+ 37. Kf1 f5 38. Qxg6+ Kxg6 39. Nd6 Rc1+ 40. Rxc1 Bxc1 41. Ke2 Bb2 42. Kd3 Kh5 43. e4 Kh4 44. exf5 exf5 45. Nxf5+ Kxh3 46. Ne3 h5 47. Kc4 Bc3 48. Kd5 h4 49. Ke4 b3 50. Nd1 Bf6 51. Kd3 b2 52. Kc2 Kg2 53. f4 h3 54. f5 h2 55. Ne3+ Kf3 56. Nd5 h1Q 0-1

[Event "BAN-chT2"]
[Site "Dhaka"]
[Date "2022.07.25"]
[Round "8.3"]
[White "Talukder, Umme Taslima Protiv"]
[Black "Ipsha, Azad"]
[Result "1-0"]
[WhiteElo "1769"]
[BlackElo "1597"]
[PlyCount "153"]
[EventDate "2022.07.18"]
[EventType "team-swiss"]
[EventRounds "9"]
[EventCountry "BAN"]
[SourceTitle "EXT 2023"]
[Source "ChessBase"]
[SourceDate "2022.10.05"]
[SourceVersion "1"]
[SourceVersionDate "2022.10.05"]
[SourceQuality "1"]
[WhiteTeam "Elegant Int CA Utta"]
[BlackTeam "Dabar Troyi Agrojo Green"]
[WhiteTeamCountry "BAN"]
[BlackTeamCountry "BAN"]

1. d4 d5 2. c4 e6 3. Nc3 Nf6 4. Bg5 c6 5. cxd5 exd5 6. e3 Na6 7. Bxa6 bxa6 8. Qa4 Bb7 9. Nf3 Be7 10. Ne5 Qd6 11. 0-0 0-0 12. Rac1 Rac8 13. Bf4 Qe6 14. b4 Ng4 15. Rc2 h5 16. h3 Nxe5 17. Bxe5 f6 18. Bh2 g5 19. Ne2 h4 20. Qb3 Kf7 21. a3 Rg8 22. f3 Kg6 23. Kh1 Bd6 24. f4 f5 25. fxg5 Bxh2 26. Kxh2 Kxg5 27. Ng1 Kh5 28. Rcf2 Rcf8 29. Ne2 Qe4 30. Nf4+ Kh6 31. Qd1 Rg5 32. Rf3 Rfg8 33. Qe1 Rg3 34. Qe2 R8g5 35. R1f2 Kg7 36. Nd3 Qe6 37. Nc5 Qd6 38. Kh1 Bc8 39. Nxa6 Kf6 40. Nc5 Kg6 41. Nd3 Kg7 42. Ne5 a5 43. Qd2 Kf6 44. Qc3 axb4 45. axb4 Bd7 46. Rf4 Rh5 47. Nf3 Qe7 48. Re2 Kg7 49. Qc5 Qxc5 50. bxc5 Rxf3 51. Rxf3 Bc8 52. Ra2 Kf6 53. Rff2 Rh7 54. Ra8 Bd7 55. Ra7 Ke6 56. Rb2 Rf7 57. Rbb7 Rg7 58. Kg1 Rf7 59. Rc7 Re7 60. Kf2 Rf7 61. Kf3 Be8 62. Rxf7 Bxf7 63. Kf4 Kf6 64. Rxf7+ Kxf7 65. Kxf5 Ke7 66. Kg5 Ke6 67. Kxh4 Kf5 68. g4+ Ke4 69. g5 Kxe3 70. g6 Kxd4 71. g7 Kxc5 72. g8Q Kc4 73. Kg4 c5 74. h4 Kd4 75. h5 c4 76. h6 c3 77. h7 1-0

[Event "BAN-chT2"]
[Site "Dhaka"]
[Date "2022.07.21"]
[Round "4.3"]
[White "Talukder, Umme Taslima Protiv"]
[Black "Mohammed, Shaker Ullah"]
[Result "0-1"]
[WhiteElo "1769"]
[BlackElo "1870"]
[PlyCount "40"]
[EventDate "2022.07.18"]
[EventType "team-swiss"]
[EventRounds "9"]
[EventCountry "BAN"]
[SourceTitle "EXT 2023"]
[Source "ChessBase"]
[SourceDate "2022.10.05"]
[SourceVersion "1"]
[SourceVersionDate "2022.10.05"]
[SourceQuality "1"]
[WhiteTeam "Elegant Int CA Utta"]
[BlackTeam "Desh Seba Krira Chakra"]
[WhiteTeamCountry "BAN"]
[BlackTeamCountry "BAN"]

1. d4 d5 2. c4 c6 3. Nc3 e6 4. Nf3 Nd7 5. cxd5 exd5 6. e3 Ngf6 7. Bd3 Bd6 8. 0-0 0-0 9. e4 dxe4 10. Nxe4 Nxe4 11. Bxe4 Nf6 12. Bc2 Bg4 13. b3 Nd5 14. a3 Re8 15. Bb2 Qf6 16. Qd3 g6 17. Ne5 Bf5 18. Qf3 Bxc2 19. Qg3 Qf4 20. Qh3 Bf5 0-1

[Event "Dhaka Chowdhury Memorial op-A 2nd"]
[Site "Dhaka"]
[Date "2022.07.04"]
[Round "3"]
[White "Talukder, Umme Taslima Protiv"]
[Black "Sacchu, Afzal Hossain"]
[Result "1-0"]
[WhiteElo "1769"]
[BlackElo "2057"]
[PlyCount "91"]
[EventDate "2022.07.02"]
[EventType "swiss"]
[EventRounds "8"]
[EventCountry "BAN"]
[SourceTitle "EXT 2023"]
[Source "ChessBase"]
[SourceDate "2022.10.05"]
[SourceVersion "1"]
[SourceVersionDate "2022.10.05"]
[SourceQuality "1"]

1. d4 Nf6 2. c4 e6 3. Nf3 d5 4. Nc3 a6 5. cxd5 exd5 6. Bf4 Bd6 7. Bg3 0-0 8. e3 Bf5 9. Qb3 Bxg3 10. hxg3 Bc8 11. Bd3 c6 12. Qc2 h6 13. 0-0-0 Nbd7 14. Rh4 Re8 15. Rdh1 Nf8 16. Ne5 c5 17. g4 c4 18. Bf5 N8h7 19. Bxh7+ Nxh7 20. Nxf7 Kxf7 21. Qxh7 Rh8 22. Qc2 b5 23. Qd1 Be6 24. Qf3+ Ke7 25. e4 dxe4 26. Qxe4 b4 27. Ne2 Qd5 28. Qe3 Rhf8 29. f4 Kd7 30. f5 Bf7 31. Nf4 Qa5 32. Re1 Rfe8 33. Ne6 Qxa2 34. Qe5 Qa1+ 35. Kc2 Qa4+ 36. Kb1 Qc6 37. d5 Qd6 38. Qxg7 Re7 39. Rxh6 Qxd5 40. Rhh1 Bxe6 41. fxe6+ Kd6 42. Qf6 Qc5 43. Rh5 Qa7 44. Rd1+ Kc6 45. Rhd5 Rae8 46. Qf3 1-0

[Event "BAN-ch (Women)"]
[Site "Dhaka"]
[Date "2022.01.06"]
[Round "9"]
[White "Talukder, Umme Taslima Protiv"]
[Black "Israt, Jahan Diba"]
[Result "1/2-1/2"]
[WhiteElo "1706"]
[BlackElo "1630"]
[PlyCount "150"]
[EventDate "2021.12.29"]
[EventType "swiss"]
[EventRounds "11"]
[EventCountry "BAN"]
[SourceTitle "EXT 2023"]
[Source "ChessBase"]
[SourceDate "2022.10.05"]
[SourceVersion "1"]
[SourceVersionDate "2022.10.05"]
[SourceQuality "1"]

1. d4 d5 2. c4 e6 3. Nc3 Nf6 4. e3 Be7 5. Nf3 Nbd7 6. cxd5 exd5 7. Bd3 0-0 8. 0-0 b6 9. Ne5 Bb7 10. f4 c5 11. Qc2 cxd4 12. exd4 Rc8 13. Qe2 Bb4 14. Bd2 Bxc3 15. Bxc3 Ne4 16. Bb4 Re8 17. Bb5 Nef6 18. Rac1 Ra8 19. Qf3 Re6 20. Rc2 a6 21. Bd3 Ne4 22. Rfc1 Rc8 23. Rxc8 Bxc8 24. Bxe4 dxe4 25. Qxe4 Nf6 26. Qd3 Bb7 27. Qc4 Nd5 28. Bd2 h6 29. Qd3 Nf6 30. Re1 Qd5 31. Re2 Qxa2 32. Bc3 Qd5 33. f5 Rxe5 34. Rf2 Re8 35. Qh3 Qe4 36. Qg3 Bd5 37. h3 Nh5 38. Qc7 Ng3 39. Qxg3 Qe3 40. Qd6 Bc4 41. Qxb6 Re4 42. Qc7 Bb5 43. f6 g5 44. Qc8+ Be8 45. Qxa6 Re6 46. Qf1 Rxf6 47. Qe1 Qxe1+ 48. Bxe1 Rxf2 49. Kxf2 Bc6 50. g3 Kf8 51. Ke3 Ke7 52. Bb4+ Ke6 53. Bf8 h5 54. Bh6 Bg2 55. Bxg5 Bxh3 56. b4 Bf1 57. Bd8 Kd5 58. Bb6 Bb5 59. Kf4 Be2 60. Bc5 Kc6 61. Ke5 Bc4 62. Bf8 Kb5 63. d5 Bb3 64. d6 Be6 65. Kf6 Kc6 66. Ke7 Bg4 67. d7 Bxd7 68. b5+ Kxb5 69. Kxd7 Kc4 70. Ke7 Kd3 71. Kxf7 Ke4 72. Kg6 Kf3 73. Bd6 Kg4 74. Kh6 h4 75. gxh4 Kxh4 1/2-1/2

[Event "BAN-chT (Women)"]
[Site "Dhaka"]
[Date "2021.09.09"]
[Round "2.3"]
[White "Talukder, Umme Taslima Protiv"]
[Black "Nusrat, Jahan Liza"]
[Result "1-0"]
[WhiteElo "1733"]
[BlackElo "1519"]
[PlyCount "42"]
[EventDate "2021.09.08"]
[EventType "team-tourn"]
[EventRounds "9"]
[EventCountry "BAN"]
[SourceTitle "CBM 204 Extra"]
[Source "ChessBase"]
[SourceDate "2021.11.30"]
[SourceVersion "1"]
[SourceVersionDate "2021.11.30"]
[SourceQuality "1"]
[WhiteTeam "Titas CC (W)"]
[BlackTeam "Uttara Central CC (W)"]
[WhiteTeamCountry "BAN"]
[BlackTeamCountry "BAN"]

1. d4 d5 2. c4 c6 3. Nc3 e6 4. Nf3 Nf6 5. e3 Bb4 6. Bd3 dxc4 7. Bxc4 Ne4 8. Qc2 Nxc3 9. bxc3 Be7 10. 0-0 Nd7 11. e4 0-0 12. Be3 Qc7 13. Bd3 e5 14. Rfd1 h6 15. h3 Bd6 16. g4 Nf6 17. dxe5 Bxe5 18. Bd4 Nd7 19. Bf1 c5 20. Be3 b6 21. Qd2 Bb7 1-0

[Event "BAN-chT (Women)"]
[Site "Dhaka"]
[Date "2021.09.08"]
[Round "1.3"]
[White "Afrin Jahan, Munia"]
[Black "Talukder, Umme Taslima Protiv"]
[Result "1-0"]
[WhiteElo "1645"]
[BlackElo "1733"]
[PlyCount "103"]
[EventDate "2021.09.08"]
[EventType "team-tourn"]
[EventRounds "9"]
[EventCountry "BAN"]
[SourceTitle "CBM 204 Extra"]
[Source "ChessBase"]
[SourceDate "2021.11.30"]
[SourceVersion "1"]
[SourceVersionDate "2021.11.30"]
[SourceQuality "1"]
[WhiteTeam "Rupali Bank Krira Parisad (W)"]
[BlackTeam "Titas CC (W)"]
[WhiteTeamCountry "BAN"]
[BlackTeamCountry "BAN"]

1. e4 c5 2. Nf3 d6 3. Bc4 Nf6 4. d3 e6 5. h3 Be7 6. Nc3 a6 7. a3 d5 8. exd5 exd5 9. Ba2 0-0 10. 0-0 h6 11. Ne2 Re8 12. Re1 Nc6 13. Bf4 Be6 14. Ng3 Bd6 15. Qd2 Bxf4 16. Qxf4 Qd7 17. c3 Rad8 18. Ne5 Nxe5 19. Rxe5 Qb5 20. Qd2 d4 21. Bxe6 Rxe6 22. Rxe6 dxc3 23. Qxc3 fxe6 24. Rd1 Kf7 25. Rd2 Qc6 26. f3 Qd5 27. Ne4 b6 28. Nxf6 gxf6 29. Kf2 c4 30. Ke2 cxd3+ 31. Rxd3 Qxd3+ 32. Qxd3 Rxd3 33. Kxd3 Kg6 34. Ke4 Kg5 35. g3 h5 36. f4+ Kg6 37. b4 b5 38. g4 h4 39. Kd4 Kh6 40. Kc5 Kg6 41. Kd6 Kf7 42. g5 Kg6 43. Kxe6 fxg5 44. f5+ Kg7 45. Ke7 g4 46. f6+ Kg6 47. f7 gxh3 48. f8Q h2 49. Qf6+ Kh5 50. Qf5+ Kh6 51. Kf6 h1Q 52. Qg6# 1-0

[Event "BAN Games 9th"]
[Site "Dhaka"]
[Date "2021.04.08"]
[Round "5.4"]
[White "Parveen, Tanima"]
[Black "Talukder, Umme Taslima Protiv"]
[Result "1/2-1/2"]
[WhiteElo "1984"]
[BlackElo "1722"]
[PlyCount "45"]
[EventDate "2021.04.04"]
[EventType "team-swiss"]
[EventRounds "5"]
[EventCountry "BAN"]
[SourceTitle "CBM 202 Extra"]
[Source "ChessBase"]
[SourceDate "2021.07.31"]
[SourceVersion "1"]
[SourceVersionDate "2021.07.31"]
[SourceQuality "1"]
[WhiteTeam "Chottogram Division"]
[BlackTeam "Rajshahi Division"]
[WhiteTeamCountry "BAN"]
[BlackTeamCountry "BAN"]

1. e4 c5 2. c3 e6 3. d4 cxd4 4. cxd4 d5 5. exd5 exd5 6. Nf3 Nf6 7. Bd3 Bd6 8. 0-0 0-0 9. h3 h6 10. Nc3 a6 11. Be3 Be6 12. Rc1 Nbd7 13. Bb1 Rc8 14. Qd3 Re8 15. Rfe1 b5 16. a4 b4 17. Ne2 Qb6 18. b3 Nf8 19. Ne5 a5 20. Nf4 Ne4 21. Nxe6 fxe6 22. f3 Nc3 23. Kh1 1/2-1/2

[Event "BAN Games 9th"]
[Site "Dhaka"]
[Date "2021.04.07"]
[Round "4.4"]
[White "Talukder, Umme Taslima Protiv"]
[Black "Noshin, Anjum"]
[Result "0-1"]
[WhiteElo "1722"]
[BlackElo "1912"]
[PlyCount "60"]
[EventDate "2021.04.04"]
[EventType "team-swiss"]
[EventRounds "5"]
[EventCountry "BAN"]
[SourceTitle "CBM 202 Extra"]
[Source "ChessBase"]
[SourceDate "2021.07.31"]
[SourceVersion "1"]
[SourceVersionDate "2021.07.31"]
[SourceQuality "1"]
[WhiteTeam "Rajshahi Division"]
[BlackTeam "Bangladesh Navy"]
[WhiteTeamCountry "BAN"]
[BlackTeamCountry "BAN"]

1. d4 d5 2. c4 c6 3. Nc3 Nf6 4. e3 e6 5. Nf3 Nbd7 6. Bd3 dxc4 7. Bxc4 b5 8. Bd3 a6 9. 0-0 Bd6 10. Ne4 Nxe4 11. Bxe4 Bb7 12. b3 Rc8 13. Bb2 Nf6 14. Bd3 c5 15. Qe2 0-0 16. dxc5 Rxc5 17. Rfd1 Qe7 18. Ba3 Rd5 19. Bxd6 Rxd6 20. Bc2 Rc8 21. Rxd6 Qxd6 22. Ne1 g6 23. Rd1 Qa3 24. Bb1 Nd5 25. Nc2 Qc5 26. b4 Qc7 27. Rxd5 Bxd5 28. h3 Be4 29. Na3 Bxb1 30. Nxb1 Qc1+ 0-1

[Event "BAN Games Blitz (Women) 9th"]
[Site "Dhaka"]
[Date "2021.04.03"]
[Round "5.3"]
[White "Nusrat Jahan, Alo"]
[Black "Talukder, Umme Taslima Protiv"]
[Result "0-1"]
[WhiteElo "1712"]
[BlackElo "1722"]
[PlyCount "78"]
[EventDate "2021.04.03"]
[EventType "swiss (blitz)"]
[EventRounds "9"]
[EventCountry "BAN"]
[SourceTitle "CBM 201 Extra"]
[Source "ChessBase"]
[SourceDate "2021.05.31"]
[SourceVersion "1"]
[SourceVersionDate "2021.05.31"]
[SourceQuality "1"]

1. e4 c5 2. Nf3 d6 3. c3 Nf6 4. d3 Nc6 5. Nbd2 e6 6. d4 cxd4 7. cxd4 Be7 8. Bd3 e5 9. d5 Nb4 10. Qa4+ Bd7 11. Qxb4 b6 12. 0-0 0-0 13. Nb3 Rc8 14. Be3 Ng4 15. Qd2 Nxe3 16. Qxe3 f5 17. exf5 Bxf5 18. Bxf5 Rxf5 19. Rfe1 Qd7 20. h3 Rcf8 21. Re2 Qb7 22. Rd1 Rc8 23. Qe4 Rf4 24. Qe3 Rfc4 25. Red2 Qc7 26. Ng5 Qd8 27. Ne6 Qe8 28. Qg3 Qf7 29. Rd3 g6 30. Rc3 Qf5 31. Rf3 Qe4 32. Re3 Qc2 33. Rc1 Qxb2 34. Rxc4 Rxc4 35. Re1 Qxa2 36. Qd3 Rc2 37. Rf1 Qb2 38. Na1 Rd2 39. Nc7 Rxd3 0-1

[Event "BAN Games Blitz (Women) 9th"]
[Site "Dhaka"]
[Date "2021.04.03"]
[Round "7.4"]
[White "Talukder, Umme Taslima Protiv"]
[Black "Wadifa, Ahmed"]
[Result "1-0"]
[WhiteElo "1722"]
[BlackElo "1595"]
[PlyCount "64"]
[EventDate "2021.04.03"]
[EventType "swiss (blitz)"]
[EventRounds "9"]
[EventCountry "BAN"]
[SourceTitle "CBM 201 Extra"]
[Source "ChessBase"]
[SourceDate "2021.05.31"]
[SourceVersion "1"]
[SourceVersionDate "2021.05.31"]
[SourceQuality "1"]

1. d4 Nf6 2. c4 g6 3. Nc3 Bg7 4. e3 0-0 5. Nf3 d6 6. Be2 c5 7. 0-0 Nc6 8. b3 b6 9. Bb2 Bb7 10. d5 Nb4 11. a3 Na6 12. Rc1 Nc7 13. Qc2 e6 14. dxe6 Nxe6 15. Rcd1 Qe7 16. Rd2 Rfd8 17. Rfd1 Rd7 18. h3 a6 19. Nh2 Rad8 20. Ng4 Nxg4 21. Bxg4 h5 22. Be2 Nc7 23. e4 Ne6 24. Nd5 Bxb2 25. Nxe7+ Rxe7 26. Qxb2 Nd4 27. f3 a5 28. Bf1 Re5 29. b4 Rg5 30. Kh1 Re5 31. bxc5 dxc5 32. Qxb6 Bc6 1-0

[Event "BAN Games Rapid (Women) 9th"]
[Site "Dhaka"]
[Date "2021.04.02"]
[Round "4.3"]
[White "Nusrat Jahan, Alo"]
[Black "Talukder, Umme Taslima Protiv"]
[Result "1/2-1/2"]
[WhiteElo "1712"]
[BlackElo "1722"]
[PlyCount "156"]
[EventDate "2021.04.02"]
[EventType "swiss (rapid)"]
[EventRounds "9"]
[EventCountry "BAN"]
[SourceTitle "CBM 201 Extra"]
[Source "ChessBase"]
[SourceDate "2021.05.31"]
[SourceVersion "1"]
[SourceVersionDate "2021.05.31"]
[SourceQuality "1"]

1. e4 c5 2. Nf3 d6 3. d4 cxd4 4. Nxd4 Nf6 5. Nc3 a6 6. Bg5 e6 7. Qd2 Be7 8. f4 Nc6 9. 0-0-0 Qc7 10. Bxf6 gxf6 11. g3 Bd7 12. a3 Rc8 13. Bg2 Na5 14. Nb3 Nc4 15. Qd3 Nxa3 16. Rd2 Nc4 17. Re2 b5 18. Nd2 b4 19. Nxc4 Qxc4 20. Qxc4 Rxc4 21. Nb1 0-0 22. Nd2 Rc7 23. Nb3 Bb5 24. Rd2 Rfc8 25. Nd4 Bd7 26. Kb1 a5 27. Rhd1 a4 28. Bf1 Rb8 29. Ka2 Bf8 30. Be2 Bh6 31. Nf3 b3+ 32. cxb3 axb3+ 33. Kb1 Ra7 34. Rxd6 Rba8 35. Kc1 Rc7+ 36. Kd2 Bc6 37. Bd3 Bf8 38. Rd4 Bc5 39. Rc4 Bb5 40. Rcc1 Rd8 41. Ke2 Bxd3+ 42. Rxd3 Rxd3 43. Kxd3 Bb6 44. Rxc7 Bxc7 45. Kc3 Kf8 46. Kxb3 Ke7 47. Kc4 Kd6 48. b4 Kc6 49. b5+ Kb6 50. e5 fxe5 51. Nxe5 f5 52. Nd7+ Kb7 53. Nf8 e5 54. fxe5 Bxe5 55. Nxh7 f4 56. gxf4 Bxf4 57. h4 Kc7 58. Kb4 Kd6 59. Ka5 Ke6 60. Ng5+ Kf5 61. Nh3 Bc7+ 62. Ka6 Kg4 63. Kb7 Be5 64. Nf2+ Kxh4 65. Nd3 Bg3 66. Nc5 Kg4 67. Ne4 Be5 68. Kc6 Kf5 69. Nd6+ Ke6 70. Nc4 Bd4 71. Na5 Be3 72. Nb7 Ba7 73. Nd6 Bb8 74. Nc8 Be5 75. b6 Bf4 76. Na7 Be3 77. Kc7 Bxb6+ 78. Kxb6 Ke5 1/2-1/2